| 000 | 00375cam a2200145ua 4500 | ||
|---|---|---|---|
| 041 |
_aeng _h |
||
| 082 |
_a828.09 _bBRO/FO |
||
| 100 | _aBrown, Dona Worall . | ||
| 245 |
_aForm in modern english / _cDona Worall Brown. _hTextual Documents |
||
| 260 |
_aNew York : _bOxford University Press , _c1964. |
||
| 300 | _a338 ; . | ||
| 504 | _a | ||
| 942 | _cBK | ||
| 999 |
_c8636 _d8636 |
||